000 00844nam a2200229Ia 4500
001 L268-28645
003 IT-CnALBA
008 170116s9999||||xx |||||||||||||| ||und||
040 _aIT-CnALBA
_cIT-CnALBA
041 _aITALIANO
100 _aLERCARO GIACOMO, CARDINALE DI BOLOGNA.
245 0 _aL'EUCARISTIA NELLE NOSTRE MANI. LITURGIA E CATECHESI.
250 _a1a ed.
260 _a BOLOGNA - NAPOLI
_bDEHONIANE EDIZIONI
_c1968 [1° Ed.:1968 - Ed.Ling.Originale: 1968]
300 _a325 p.
500 _aPER L'ABSTRACT, CONFRONTA DOCUMENTO 20497 E 20596: DOPPIONI.
501 _aSocietà San Paolo EM - Piazza San Paolo, 14 - 12051 ALBA (CN) (non commercial uses only) ® Copyright 2017
520 _aPER L'ABSTRACT, CONFRONTA DOCUMENTO 20497 E 20596: DOPPIONI.
650 _aCATECHESI
942 _cBK
957 _71
999 _a33414
_bNO
_g Copie: 1
_c287592
_d287592